000 00413nam a22001337a 4500
082 _a MS-PhD-IT ZIA
100 _a Zia-Ul-Haq
_917742
245 _a Route Optimization Technique for Nested Mobile Networks
260 _aIslamabad
_bNUST SEECS
_c2013
300 _a 51 P
_e CD-ROM
500 _aSupervisors; Dr. Adeel Baig
856 _uhttp://10.250.8.41:8080/xmlui/handle/123456789/32024
942 _cPR
_2ddc
999 _c12279
_d12279